000 01570cam a2200337 a 4500
003 OSt
005 20210219104306.0
008 111212s2009 sp a r 000 00spa d
020 _a9586112535
020 _a9789586112536
040 _aCO-BoPUJ
_cCO-JMCR
041 0 _aspa
082 0 4 _a404.2
_bR177I
_223
100 1 _aRamírez Cruz, Héctor
_eautor
_913673
245 1 0 _aInterferencia y contacto de lenguas :
_bespañol en fronteras bilingües de Colombia /
_cHéctor Ramírez Cruz ; prólogo "El oficio del lingüista ante la Torre de Babel" por Genoveva Iriarte Esguerra
246 1 0 _aEspañol en fronteras bilingües de Colombia
260 _aBogotá :
_bInstituto Caro y Cuervo,
_c2009.
300 _a267 páginas :
_bilustraciones, mapas en blanco y negro ;
_c23 cm.
490 _aPublicaciones del Instituto Caro y Cuervo ;
_v109
505 0 _aMetodología -- Referencia lingüística e interferencia aparente -- Interferencia transitoria en el intelecto -- Español Amazónico
650 1 4 _aLenguas en contacto
_zColombia
_913674
650 2 4 _aBilingüismo
_zColombia
_913675
650 2 4 _aInterferencia (Lingüística)
_913676
650 2 4 _aEspañol
_xAspectos sociales
_zColombia
_913677
650 2 4 _aSociolingüística
_zColombia
_913678
700 1 _aIriarte Esguerra, Genoveva
_913679
740 3 2 _aEl oficio del lingüista ante la Torre de Babel
942 _2ddc
_cBK
999 _c7248
_d7248